| 000 | 00000nas 2200000za 4500 |
| 001 | 9.501304 |
| 003 | CaOODSP |
| 005 | 20221107132950 |
| 007 | cr ||||||||||| |
| 008 | 150406c19949999nkc x m o f0 b0fre|d |
| 022 | |a1928-2346 |
| 040 | |aCaOODSP|bfre |
| 043 | |an-cn--- |
| 086 | 1 |aFo103-3F-PDF |
| 222 | 0|aNote d'impact |
| 245 | 00|aNote d'impact |h[ressource électronique]. |
| 260 | |aFredericton, N.-B. : |bRessources naturelles Canada. |
| 310 | |aIrrégulier |
| 550 | |aPubl. par: Service canadien des forêts - Centre de foresterie de l'Atlantique. |
| 691 | 07|aGestion forestière|2gcpds |
| 710 | 1 |aCanada.|bRessources naturelles Canada. |bService canadien des forêts. |
| 710 | 2 |aCentre de foresterie de l'Atlantique. |
| 775 | 08|tNote d'impact : |w(CaOODSP)9.500636 |
| 775 | 08|tImpact note |w(CaOODSP)9.504904 |
| 776 | 0#|tNote d'impact / |w(CaOODSP)9.511141 |
| 776 | 0#|tNote d'impact |w(CaOODSP)9.867707 |